Pep Guardiola's FC Barcelona - Statistics

General Stats
  • This quiz has been taken 94 times
  • The average score is 29 of 57
Answer Stats
Rank Player Position Nationality Matches Goals Assists % Correct
8 Andrés Iniesta Central Midfield 181 23 52
100%
1 Lionel Messi Right Winger 219 211 94
100%
3 Xavi Central Midfield 208 36 81
100%
7 Gerard Piqué Centre-Back 183 13 7
99%
10 Carles Puyol Centre-Back 164 8 6
97%
2 Dani Alves Right-Back 208 15 68
97%
5 Sergio Busquets Defensive Midfield 191 7 12
97%
4 Víctor Valdés Goalkeeper 200 0 0
96%
9 Pedro Right Winger 167 58 28
94%
16 David Villa Centre-Forward 76 32 15
93%
13 Javier Mascherano Defensive Midfield 97 0 0
93%
21 Samuel Eto'o Centre-Forward 52 36 8
93%
23 Zlatan Ibrahimović Centre-Forward 46 22 13
93%
11 Éric Abidal Left-Back 142 2 10
91%
15 Yaya Touré Central Midfield 80 4 8
90%
25 Alexis Sánchez Centre-Forward 41 14 8
84%
17 Thierry Henry Centre-Forward 74 30 15
84%
39 Víctor Sánchez Central Midfield 12 0 0
83%
6 Seydou Keita Central Midfield 188 22 14
78%
14 Maxwell Left-Back 89 2 10
72%
20 Rafa Márquez Centre-Back 60 4 5
71%
22 Cesc Fàbregas Central Midfield 48 15 20
67%
18 Adriano Left-Back 71 4 11
61%
28 Eidur Gudjohnsen Centre-Forward 34 4 4
61%
26 Aleksandr Hleb Attacking Midfield 36 0 3
59%
12 Bojan Krkic Second Striker 115 29 15
58%
24 José Manuel Pinto Goalkeeper 44 0 0
57%
30 Ibrahim Afellay Attacking Midfield 33 2 1
46%
35 Jonathan dos Santos Defensive Midfield 19 0 1
43%
27 Gabriel Milito Centre-Back 34 1 1
42%
33 Martín Cáceres Centre-Back 23 0 0
41%
19 Thiago Alcántara Central Midfield 64 8 10
41%
41 Sergi Roberto Central Midfield 7 2 2
38%
47 Rafinha Attacking Midfield 2 0 0
33%
31 Sylvinho Left-Back 30 1 2
33%
34 Cristian Tello Left Winger 22 7 3
30%
29 Jeffrén Right Winger 33 3 3
29%
40 Marc Bartra Centre-Back 8 1 0
29%
38 Martín Montoya Right-Back 12 1 1
29%
32 Isaac Cuenca Left Winger 30 4 12
26%
37 Dmytro Chygrynskyi Centre-Back 14 0 0
19%
43 Marc Muniesa Centre-Back 4 0 0
19%
44 Xavi Torres Defensive Midfield 2 0 0
17%
49 Gerard Deulofeu Centre-Forward 2 0 0
14%
46 Oriol Romeu Defensive Midfield 2 0 0
14%
36 Andreu Fontàs Centre-Back 16 1 1
13%
53 Sergi Gómez Centre-Back 1 0 0
13%
54 Gai Assulin Left Winger 1 0 0
12%
48 Abraham González Central Midfield 2 0 0
10%
42 Nolito Left Winger 5 1 1
10%
45 Víctor Vázquez Attacking Midfield 2 1 0
10%
50 Albert Jorquera Goalkeeper 1 0 0
9%
57 Alberto Botía Centre-Back 1 0 0
6%
55 Jonathan Soriano Centre-Forward 1 0 0
6%
56 Martí Riverola Central Midfield 1 0 0
6%
51 Rubén Miño Goalkeeper 1 0 0
6%
52 Oier Olazábal Goalkeeper 1 0 0
4%
No matching quizzes found
Score Distribution
Percent of People with Each Score
Percentile by Number Answered
Your Score History
You have not taken this quiz